أحكام عقم الإنسان في الشريعة الإسلامية / (رقم التسجيلة. 1856)

تفاصيل مارك
000 -الفاتح
عناصر البيانات ثابتة الطول 00592cam a2200169 i 4500
005 - تاريخ ووقت آخر معاملة
حقل ضبط 20251119120600.0
008 - عناصر البيانات ثابتة الطول
عناصر البيانات ثابتة الطول 250721s1995 xx gr 000 0 ara d
082 14 - رقم تصنيف ديوي العشري
رقم التصنيف 210.46166
رقم المادة ذ ي ا
100 1# - مدخل رئيسي – اسم شخصي
الاسم الشخصي ذياب، زياد صبحي علي
علاقة الشخص بالعمل/ دوره مؤلف.
245 10 - بيان العنوان
العنوان أحكام عقم الإنسان في الشريعة الإسلامية /
بيان المسؤولية القاضي الشرعي زياد صبحي علي ذياب.
264 31 - بيانات النشر، التوزيع…إلخ
مكان النشر، التوزيع...إلخ [عمان] :
اسم الناشر، الموزع...إلخ [غير معرف]،
تاريخ النشر، التوزيع...إلخ 1995.
300 ## - الوصف المادي
عدد الوحدات المكونة للوعاء 272 صفحة.
650 17 - مدخل إضافي بالموضوع - مصطلح موضوعي
مصطلح موضوعي أو اسم جغرافي كعنصر مدخل الإسلام.
650 17 - مدخل إضافي بالموضوع - مصطلح موضوعي
مصطلح موضوعي أو اسم جغرافي كعنصر مدخل العقم.
942 ## - بيانات إضافية (كوها)
نوع التنصيف Dewey Decimal Classification
نوع المادة (كوها) كتب
المقتنيات
حالة السحب حالة الفقدان مصدر التصنيف حالة التلف غير قابل للإعارة المكتبة الرئيسية المكتبة الحالية موقع الرف تاريخ التزويد الرقم المتسلسل Total Checkouts رقم الإستدعاء الباركود تاريخ آخر ظهور تاريخ الفاتورة نوع المادة (كوها)
    Dewey Decimal Classification     المكتبة المركزية المكتبة المركزية الإعارة 06/07/2004 199970   210.46166 / ذ ي ا 199970 28/07/2025 06/07/2004 كتب
    Dewey Decimal Classification Unchecked   مكتبة الاميرة بديعة مكتبة الاميرة بديعة الإعارة 06/07/2004 4456   210.46166/زيا   28/07/2025 06/07/2004 كتب
    Dewey Decimal Classification Unchecked   مكتبة الجويدة مكتبة الجويدة الإعارة 06/07/2004 4469   210.46166/زيا   28/07/2025 06/07/2004 كتب
    Dewey Decimal Classification     مكتبة الحسن العامة مكتبة الحسن العامة الإعارة 15/09/2018 08391   210.46166/زيا PLD00431718 28/07/2025 15/09/2018 كتب
    Dewey Decimal Classification     مكتبة النصر العامة مكتبة النصر العامة الإعارة 29/09/2014 )6780(   210.46166/زيا PLD00307860 28/07/2025 29/09/2014 كتب
    Dewey Decimal Classification Unchecked   مكتبة صويلح العامة مكتبة صويلح العامة الإعارة 06/07/2004 9165   210.46166/زيا   28/07/2025 06/07/2004 كتب
    Dewey Decimal Classification Unchecked   مكتبة وادي السير العامة مكتبة وادي السير العامة الإعارة 06/07/2004 5249   210.46166/زيا   28/07/2025 06/07/2004 كتب
Implemented & Customized by: BBB with SCIT (Smart Chains for Information Technology)

Powered by Koha